000 00552nam a2200229Ia 4500
003 OSt
005 20220924151717.0
006 a|||||r|||| 00| 0
007 ta
008 220923b |||||||| |||| 00| 0 tel d
024 _a338809
037 _cTextual
040 _aARTS
_cARTS
_btel
041 _2tel
_atel
082 _aU8.5.N45, 35J5
100 _aVeedam
_9224815
245 0 _aMaabimocha nayatra
260 _c1955
650 _aGEOGRAPHY
942 _hU8.5.N45, 35J5
_cTEXL
_2CC
999 _c467502
_d467502